Divided Islands and Their Countries - Statistics

General Stats
  • This quiz has been taken 43 times
  • The average score is 17 of 23
Answer Stats
Island % Country % Correct
Hispaniola 64 Dominican Republic
100%
Hispaniola 36 Haiti
100%
New Guinea 41 Indonesia
97%
Ireland 83 Ireland
97%
New Guinea 59 Papua New Guinea
97%
Ireland 17 United Kingdom
97%
Borneo 73 Indonesia
94%
Borneo 26 Malaysia
94%
Borneo 1 Brunei
91%
Cyprus 58 Cyprus
91%
Timor 49 East Timor
91%
Timor 51 Indonesia
91%
Cyprus 3 United Kingdom
82%
Saint Martin 59 France
79%
Saint Martin 41 Netherlands
79%
Isle Grande deTierra del Fuego 39 Argentina
76%
Isle Grande de Tierra del Fuego 61 Chile
76%
Hans Island 60 Denmark
50%
Hans Island 40 Canada
44%
Usedom 84 Germany
21%
Sebatik Island 55 Indonesia
21%
Sebatik Island 45 Malaysia
21%
Usedom 16 Poland
21%
No matching quizzes found
Score Distribution
Percent of People with Each Score
Percentile by Number Answered
Your Score History
You have not taken this quiz